000 01186nam0a2200349 4500
001 RU\NLR\BIBL_A\012787562
005 20220614160029.0
010 _a978-5-907341-60-9
_970
021 _aRU
_bКН-П-22-005860
_9КН-П-22-0469
035 _a(NLR Aleph) 012787562
035 _a(RuMoRGB)010969546
090 _a13142871
_c13142871
100 _a20220516d2022 u y0rusy50 ca
101 0 _arus
102 _aRU
105 _aac||z|||000gy
181 0 _ai
_baxxe
182 1 _an
200 1 _aОт рассвета до заката
_eстихи
_fВалерий Ментюков
203 _aТекст
_bвизуальный
_cнепосредственный
210 _aВологда
_cСад-огород
_d2022
215 _a27 с.
_cил., цв. ил., портр.
_d21
330 _aИздание предназначено для любителей поэзии
333 _a12+
675 _a821.161.1-1
_v4
686 2 _aШ6(2=Р)8-5
700 1 _aМентюков
_bВ. В.
_gВалерий Викторович
942 _cBOOK
980 _aNB